Psychopathologie du travail (Record no. 57853)

MARC details
000 -LEADER
fixed length control field 00721nam a22002417a 4500
005 - DATE AND TIME OF LATEST TRANSACTION
control field 20181228160412.0
008 - FIXED-LENGTH DATA ELEMENTS--GENERAL INFORMATION
fixed length control field 181228b xxu||||| |||| 00| 0 eng d
020 ## - INTERNATIONAL STANDARD BOOK NUMBER
International Standard Book Number 978-2-294-74459-4
040 ## - CATALOGING SOURCE
Original cataloging agency BUAC
Transcribing agency BUC
Modifying agency Fr
041 ## - LANGUAGE CODE
Language code of text/sound track or separate title Fre
100 ## - MAIN ENTRY--PERSONAL NAME
Personal name Dejours, Christophe
245 ## - TITLE STATEMENT
Title Psychopathologie du travail
Statement of responsibility, etc / par Christophe Dejours, Isabelle Gernet
250 ## - EDITION STATEMENT
Edition statement 2è.éd.
260 ## - PUBLICATION, DISTRIBUTION, ETC. (IMPRINT)
Place of publication, distribution, etc Pologne :
Name of publisher, distributor, etc Elsevier Masson,
Date of publication, distribution, etc 2016
300 ## - PHYSICAL DESCRIPTION
Extent 176 p.
Dimensions 21 cm
440 ## - SERIES STATEMENT/ADDED ENTRY--TITLE
Title (Psychopathologie)
500 ## - GENERAL NOTE
General note Bibliogr. pp.(158- 171);<br/>Index. pp. (172 - 1176)<br/>
630 ## - SUBJECT ADDED ENTRY--UNIFORM TITLE
Uniform title PHILOSOPHIE-PSYCHOLOGIE
650 ## - SUBJECT ADDED ENTRY--TOPICAL TERM
Topical term or geographic name as entry element PSYCHOLOGIE
651 ## - SUBJECT ADDED ENTRY--GEOGRAPHIC NAME
Geographic name Travail: : psychopathologie
700 ## - ADDED ENTRY--PERSONAL NAME
Personal name Gernet, Isabelle
942 ## - ADDED ENTRY ELEMENTS (KOHA)
Item type Libre Accès
Holdings
Withdrawn status Lost status Damaged status Not for loan Location (home branch) Sublocation or collection (holding branch) Shelving location Date acquired Source of acquisition Coded location qualifier Koha issues (times borrowed) Koha full call number Piece designation (barcode) Koha date last seen Copy number Price effective from Koha item type Source of classification or shelving scheme
        Bibliothèque Universitaire Centrale Bibliothèque Universitaire Centrale   28/12/2018 DON ARES 18/539   159.97 DEJ 18-539Buc 28/12/2018 1 28/12/2018 Libre Accès  
        Bibliothèque Universitaire Centrale Bibliothèque Universitaire Centrale   18/05/2021 DON ARES 21/0112   159.97 DEJ 21-0112Buc 18/05/2021 2 18/05/2021 Libre Accès Dewey Decimal Classification


© 2008, Bibliothèques de l'Université d'Abomey-Calavi

04 BP 789 Cotonou, Tél. : +229 21 36 01 01, Fax : +229 21 35 06 32

Courriel : bu@bu.uac.bj